Music Quiz

Random Music or Song Quiz

Song quiz (MCR) Stats

 Plays Quiz not verified by Sporcle

Score 0/215 Timer 10:00
0 Plays Today
word number Answer % Correct
7you
77.8%
18you
77.8%
25you
77.8%
29the
77.8%
34you
77.8%
38the
77.8%
40you
77.8%
45you
77.8%
51you
77.8%
60the
77.8%
90you
77.8%
96the
77.8%
99you
77.8%
103the
77.8%
106you
77.8%
111you
77.8%
117you
77.8%
126the
77.8%
149you
77.8%
152you
77.8%
172the
77.8%
you
77.8%
63I
70%
129I
70%
136I
70%
70I
70%
175I
70%
I
70%
I
70%
13we
67.8%
94we
67.8%
157we
67.8%
36and
63.3%
47and
63.3%
74and
63.3%
79and
63.3%
101and
63.3%
113and
63.3%
140and
63.3%
145and
63.3%
161and
63.3%
and
63.3%
and
63.3%
and
63.3%
and
63.3%
and
63.3%
150me
60%
155me
60%
9to
58.9%
27to
58.9%
91to
58.9%
159to
58.9%
64can
57.8%
85when
57.8%
130can
57.8%
148can
57.8%
156can
57.8%
166when
57.8%
176can
57.8%
11in
56.7%
14are
56.7%
20on
56.7%
57on
56.7%
95are
56.7%
123on
56.7%
133are
56.7%
135if
56.7%
151are
56.7%
67are
56.7%
69if
56.7%
are
56.7%
if
56.7%
word number Answer % Correct
if
56.7%
on
56.7%
are
56.7%
if
56.7%
17from
53.3%
42from
53.3%
108from
53.3%
3just
52.2%
21just
52.2%
1long
51.1%
4like
51.1%
15so
51.1%
22like
51.1%
48like
51.1%
65say
51.1%
72so
51.1%
73long
51.1%
77so
51.1%
78long
51.1%
114like
51.1%
131say
51.1%
138so
51.1%
139long
51.1%
143so
51.1%
144long
51.1%
150hear
51.1%
177say
51.1%
so
51.1%
long
51.1%
so
51.1%
long
51.1%
so
51.1%
long
51.1%
so
51.1%
long
51.1%
2ago
50%
5a
50%
8die
50%
12again
50%
23a
50%
49a
50%
83a
50%
93again
50%
115a
50%
165again
50%
16far
48.9%
31of
48.9%
75good
48.9%
76night
48.9%
80good
48.9%
81night
48.9%
141good
48.9%
142night
48.9%
146good
48.9%
147night
48.9%
good
48.9%
night
48.9%
good
48.9%
night
48.9%
good
48.9%
night
48.9%
good
48.9%
night
48.9%
132things
47.8%
134better
47.8%
137stay
47.8%
66things
47.8%
71stay
47.8%
68better
47.8%
things
47.8%
better
47.8%
stay
47.8%
word number Answer % Correct
things
47.8%
better
47.8%
stay
47.8%
39worst
46.7%
61worst
46.7%
104worst
46.7%
127worst
46.7%
173worst
46.7%
10get
45.6%
37whats
45.6%
53well
45.6%
59whats
45.6%
102whats
45.6%
119well
45.6%
125whats
45.6%
163we'll
45.6%
171whats
45.6%
this
45.6%
19burning
44.4%
24match
44.4%
32every
44.4%
43every
44.4%
44heart
44.4%
86every
44.4%
109every
44.4%
110heart
44.4%
carry
44.4%
6hearse
43.3%
84time
43.3%
46break
42.2%
62that
42.2%
112break
42.2%
128that
42.2%
154near
42.2%
168our
42.2%
174that
42.2%
way
42.2%
33one
41.1%
41take
41.1%
58tonight
41.1%
107take
41.1%
124tonight
41.1%
26strike
40%
35know
40%
82came
40%
87star
40%
88fall
40%
92tears
40%
97very
40%
169cars
40%
28incinerate
38.9%
30lives
38.9%
56holding
38.9%
122holding
38.9%
1170collide
38.9%
50blade
37.8%
116blade
37.8%
167both
37.8%
54ive
36.7%
120ive
36.7%
158pretend
36.7%
160leave
35.6%
164meet
35.6%
52stain
34.4%
55been
34.4%
89brought
34.4%
118stain
34.4%
121been
34.4%
98hurt
33.3%
162then
33.3%
100sold
32.2%

You're not logged in!

Compare scores with friends on all Sporcle quizzes.
OR
Log In

Sporcle TV

Today on Sporcle TV


Watch our educational content, quiz creation guides, and fun videos on Sporcle TV.

Show Comments

Extras

Created Aug 7, 2016ReportNominate
Tags:Song Quiz, mcr

Top Quizzes Today


Score Distribution

Your Account Isn't Verified!

In order to create a playlist on Sporcle, you need to verify the email address you used during registration. Go to your Sporcle Settings to finish the process.

Report this User

Report this user for behavior that violates our Community Guidelines.

Details: